| 000 | 00602nam a2200169Ia 4500 | ||
|---|---|---|---|
| 008 | 220216s9999 xx 000 0 und d | ||
| 100 | _aGunawan Anang | ||
| 245 | 0 | _aRubber wood marketing in Indonesia | |
| 260 | _bClimate Change, Low Carbon Economy and Sustainable Natural Rubber Industry: Preprints of Proceedings of IRRDB International Rubber Conference 2010, 18-19 October 2010 Sanya, Hainan, China, pp. 587. | ||
| 650 | _aMarketing | ||
| 650 | _aRubber plantation | ||
| 650 | _aRubber replanting | ||
| 650 | _aRubber wood | ||
| 700 | _aRachmawan Arief | ||
| 856 | _uAbst only | ||
| 942 | _cJS | ||
| 999 |
_c68140 _d68140 |
||